Curso de cálculo infinitesimal

Salvato in:
Dettagli Bibliografici
Autore principale: González, Luis
Natura: Libro
Lingua:Spanish
Pubblicazione: San José, Costa Rica. : Librería Lehmann. 1943.
Soggetti:
Tags: Aggiungi Tag
Nessun Tag, puoi essere il primo ad aggiungerne!!

MARC

LEADER 00000nam a2200000Ia 4500
003 001879
005 20221231143940.0
008 140114s1943 cr a 000 ||spa d
040 |c cru CEDI 
082 |a 517.1 G643c 
100 |a González, Luis  |9 20896 
245 |a Curso de cálculo infinitesimal 
260 |a San José, Costa Rica. : Librería Lehmann.  |c 1943. 
300 |a  volúmenes 
500 |a A la cabeza de la portada: Universidad de Costa Rica. Escuela de Ingeniería. 
501 |a  Contenido.- Pt. 3. Ecuaciones diferenciales. 
650 |x CALCULO INFINITESIMAL  |9 20897 
942 |2 ddc  |c BK 
999 |c 14673  |d 14673